Online
Catalog

The life and voyages of Christopher Columbus. (Record no. 33288)

MARC details
000 -CABECERA
campo de control de longitud fija 00387nam a2200133 a 4500
001 - NÚMERO DE CONTROL
campo de control 000033797
005 - FECHA Y HORA DE LA ÚLTIMA TRANSACCIÓN
campo de control 20200930070527.0
008 - DATOS DE LONGITUD FIJA--INFORMACIÓN GENERAL
campo de control de longitud fija 110912s1849 xxu 000 spa d
040 ## - FUENTE DE LA CATALOGACIÓN
Centro catalogador/agencia de origen DO-SdBNP
Lengua de catalogación eng
Centro/agencia transcriptor BNPHU
100 #1 - ENTRADA PRINCIPAL--NOMBRE DE PERSONA
Nombre de persona Irving, Washington
9 (RLIN) 47817
245 #0 - MENCIÓN DE TÍTULO
Título The life and voyages of Christopher Columbus.
260 ## - PUBLICACIÓN, DISTRIBUCIÓN, ETC.
Lugar de publicación, distribución, etc. New York, :
Nombre del editor, distribuidor, etc. George P. Putnam,
Fecha de publicación, distribución, etc. 1849.
300 ## - DESCRIPCIÓN FÍSICA
Extensión 492 p. ;
Dimensiones 20 cm.
Holdings
Estado de retiro Estado de pérdida Restricciones de uso No para préstamo Código de colección Localización permanente Ubicación/localización actual Ubicación en estantería Fecha de adquisición Número de inventario Total de préstamos Signatura topográfica completa Código de barras Fecha visto por última vez Precio válido a partir de Tipo de ítem Koha
      Excluido de préstamo Raros y valiosos Patrimonio Dominicano Patrimonio Dominicano Depósito 12.09.2011 LF1   v. 1 33797-10 25.06.2020 25.06.2020 No se presta
      Excluido de préstamo Raros y valiosos Patrimonio Dominicano Patrimonio Dominicano En catalogación 26.09.2011 LF1   v. 2 33797-20 25.06.2020 25.06.2020 No se presta

Powered by Koha